[Event "International Tournament "]
[Site "Paracin, Pool "]
[Date "2019.07.06"]
[Round "2.52"]
[White "Peng, Xiongjian"]
[Black "Anacoglu, Cisel"]
[Result "1-0"]
[WhiteElo "2467"]
[BlackElo "1869"]
[PlyCount "125"]
[EventDate "2019.07.05"]

1. e4 e5 2. Nf3 Nc6 3. Bb5 a6 4. Ba4 Nf6 5. O-O Be7 6. d3 b5 7. Bb3 d6 8. a3
O-O 9. Re1 Be6 10. Bxe6 fxe6 11. Nbd2 Qe8 12. c3 Nh5 13. d4 Nf4 14. Nf1 Qg6 15.
Ng3 Rad8 16. a4 Kh8 17. axb5 axb5 18. Ra6 Nb8 19. Ra7 Rd7 20. dxe5 Qg4 21. Bxf4
Qxf4 22. Ra8 dxe5 23. Qb3 Rd6 24. Qxb5 Rb6 25. Qe2 Bd6 26. b4 Nd7 27. Rea1 Rbb8
28. Rxb8 Rxb8 29. Qc4 Nf8 30. Ne2 Qf6 31. Qc6 Qd8 32. h4 Kg8 33. g3 Qd7 34.
Qxd7 Nxd7 35. Ra7 h6 36. Nc1 Nf6 37. Nd2 c5 38. Ra6 Rd8 39. bxc5 Bxc5 40. Ncb3
Bd6 41. Kf1 Kf7 42. Ke2 Ke7 43. Ra7+ Ke8 44. Na5 Rc8 45. c4 Bb4 46. Nab3 Be7
47. Rb7 Nd7 48. Rb5 Rb8 49. Nf3 Rxb5 50. cxb5 Kd8 51. Na5 Kc7 52. Nc4 Bd6 53.
Ne1 Nc5 54. Ke3 Nb3 55. Nd3 Bc5+ 56. Kf3 Bb6 57. Kg4 Nd4 58. Kh5 Nxb5 59. Kg6
Nc3 60. Nxb6 Kxb6 61. Kxg7 Nxe4 62. Kxh6 Kb5 63. Kg6 1-0

[Event "International Tournament "]
[Site "Paracin, Pool "]
[Date "2019.07.06"]
[Round "2.53"]
[White "Ratkovic, Miloje"]
[Black "Ozkan, Taha"]
[Result "1-0"]
[WhiteElo "2416"]
[BlackElo "2140"]
[PlyCount "59"]
[EventDate "2019.07.05"]

1. d4 d5 2. c4 c6 3. cxd5 cxd5 4. Nc3 Nf6 5. Bf4 Nc6 6. e3 Bf5 7. Qb3 Na5 8.
Qa4+ Bd7 9. Qc2 e6 10. Nf3 Rc8 11. Bd3 Be7 12. O-O b5 13. Qe2 a6 14. Ne5 Nc4
15. Rac1 O-O 16. Bg5 h6 17. Bxf6 Bxf6 18. f4 Bxe5 19. fxe5 Qa5 20. Rf6 Nxb2 21.
Qxb2 gxf6 22. exf6 Rxc3 23. Rxc3 Rc8 24. Qf2 Kf8 25. Qg3 Qb4 26. Rc5 Bc6 27.
Qg7+ Ke8 28. Qg8+ Kd7 29. Qxf7+ Kd6 30. Qe7# 1-0

[Event "International Tournament "]
[Site "Paracin, Pool "]
[Date "2019.07.06"]
[Round "2.54"]
[White "Gadimbayli, Abdulla"]
[Black "Zavgorodniaya, Alena"]
[Result "1-0"]
[WhiteElo "2414"]
[BlackElo "2128"]
[PlyCount "114"]
[EventDate "2019.07.05"]

1. e4 e5 2. Nf3 Nc6 3. Bb5 a6 4. Ba4 Nf6 5. O-O Be7 6. Re1 b5 7. Bb3 d6 8. c3
O-O 9. h3 Bb7 10. d4 Nd7 11. a4 exd4 12. cxd4 Na5 13. Bc2 Re8 14. Qd3 c5 15. e5
Nf8 16. axb5 dxe5 17. bxa6 e4 18. Qc3 exf3 19. axb7 Nxb7 20. Rxa8 Qxa8 21. Qxf3
cxd4 22. Be4 Bf6 23. Bd2 Qa2 24. Bxh7+ Kxh7 25. Qd3+ g6 26. Rxe8 Nc5 27. Qf1
Nfe6 28. Rb8 Ne4 29. Qd1 d3 30. Rb4 Nxd2 31. Nxd2 Bxb2 32. Qf3 Nc5 33. Rc4 Qa7
34. Qd5 Ne6 35. Qxd3 Bd4 36. Ne4 Nf4 37. Qd1 f5 38. Kh1 Ne6 39. Ng5+ Nxg5 40.
Rxd4 Kh6 41. Qd2 Kh5 42. Qd1+ Kh6 43. Rh4+ Kg7 44. Qd4+ Qxd4 45. Rxd4 Ne6 46.
Ra4 Nc5 47. Ra5 Ne4 48. Kg1 Kf6 49. g3 Kg5 50. Kg2 Nd2 51. h4+ Kh5 52. f3 Nc4
53. Rc5 Nd6 54. Rc6 Nb5 55. Kf2 Nd4 56. Rb6 Nc2 57. Rb7 Kh6 1-0

[Event "International Tournament "]
[Site "Paracin, Pool "]
[Date "2019.07.06"]
[Round "2.55"]
[White "Yurasova, Daria"]
[Black "Sadykov, Ramil"]
[Result "0-1"]
[WhiteElo "2128"]
[BlackElo "2342"]
[PlyCount "126"]
[EventDate "2019.07.05"]

1. d4 d5 2. Nf3 Nf6 3. c4 e6 4. g3 dxc4 5. Bg2 Nc6 6. O-O Rb8 7. a4 a6 8. Bg5
Be7 9. Nc3 h6 10. Bxf6 Bxf6 11. e3 O-O 12. Nd2 Na5 13. Qe2 c5 14. dxc5 Bxc3 15.
bxc3 Qd3 16. Qxd3 cxd3 17. Rfb1 Bd7 18. Bf1 Bc6 19. Bxd3 Rfd8 20. Nc4 Nxc4 21.
Bxc4 Rbc8 22. Bf1 Rd2 23. Bg2 Bxg2 24. Kxg2 Rxc5 25. Rxb7 Rxc3 26. Rb6 Rxe3 27.
Rxa6 Ree2 28. Rf1 Ra2 29. Ra8+ Kh7 30. Ra7 Kg6 31. a5 Re5 32. a6 Rf5 33. h3 Kf6
34. h4 Rfa5 35. Rd1 Rxa6 36. Rb7 Ra7 37. Rb4 R2a4 38. Rb3 R4a5 39. Rd4 h5 40.
Rf4+ Rf5 41. Rxf5+ Kxf5 42. Rb5+ e5 43. Rb8 g6 44. Rb4 Ra5 45. Rb7 f6 46. Rb6
Ra7 47. Kf3 e4+ 48. Ke3 Ra3+ 49. Ke2 Ra5 50. Ke3 Rd5 51. Ra6 Rd3+ 52. Ke2 Rf3
53. Ra5+ Kg4 54. Ra4 f5 55. Ra6 Kh3 56. Rxg6 Kg2 57. Rg5 Rxf2+ 58. Ke3 Kf1 59.
Rxh5 Rf3+ 60. Kd4 e3 61. Rxf5 Rxf5 62. Kxe3 Kg2 63. g4 Rf8 0-1

[Event "International Tournament "]
[Site "Paracin, Pool "]
[Date "2019.07.06"]
[Round "2.56"]
[White "Franklin, Samuel G A"]
[Black "Djokic, Slavoljub"]
[Result "1-0"]
[WhiteElo "2339"]
[BlackElo "2128"]
[PlyCount "133"]
[EventDate "2019.07.05"]

1. e4 c5 2. Nf3 d6 3. Nc3 Nf6 4. d4 cxd4 5. Nxd4 a6 6. f3 e6 7. Be3 Be7 8. Qd2
O-O 9. g4 Nc6 10. O-O-O Nxd4 11. Qxd4 e5 12. Qd2 Be6 13. g5 Nd7 14. h4 Rc8 15.
Kb1 Re8 16. Nd5 Bxd5 17. Qxd5 Qc7 18. Qd2 Nb6 19. Qf2 Nc4 20. Bc1 Qb6 21. Qxb6
Nxb6 22. b3 Rc6 23. Bh3 Rd8 24. Bb2 Kf8 25. Rhf1 h6 26. gxh6 gxh6 27. h5 Bg5
28. Rd3 Ke8 29. Rfd1 Na8 30. Ba3 Ke7 31. c4 b6 32. Bb2 f6 33. Bc3 Nc7 34. Bb4
Ne6 35. Bxe6 Kxe6 36. a4 a5 37. Ba3 f5 38. exf5+ Kxf5 39. Bxd6 Bf6 40. Rd5 Rcc8
41. Re1 Re8 42. Re4 Rc6 43. Ba3 Rg8 44. Bc1 Rg1 45. Kc2 Rf1 46. Bxh6 Rxf3 47.
Re2 Rh3 48. Be3 Rxh5 49. Rb5 Bd8 50. Bxb6 Bf6 51. Bxa5 Ke6 52. Bc3 Rc8 53. Rb6+
Ke7 54. Bb4+ Kf7 55. Rg2 Rh6 56. Bc3 Re8 57. a5 Re6 58. Rxe6 Kxe6 59. Re2 Rh8
60. b4 Kd6 61. Re3 Re8 62. a6 Re7 63. b5 Kc7 64. Re4 Kb6 65. Kb3 Kc7 66. c5 Kb8
67. Kc4 1-0

[Event "International Tournament "]
[Site "Paracin, Pool "]
[Date "2019.07.06"]
[Round "2.57"]
[White "Baylav, Can"]
[Black "Audi, Ameya"]
[Result "1-0"]
[WhiteElo "2120"]
[BlackElo "2328"]
[PlyCount "77"]
[EventDate "2019.07.05"]

1. e4 c5 2. Nf3 e6 3. d4 cxd4 4. Nxd4 Nc6 5. Nc3 Qc7 6. g3 Nf6 7. Bg2 a6 8. O-O
Bc5 9. Be3 Ne5 10. h3 Nc4 11. Bc1 h5 12. b3 Ne5 13. Na4 Ba7 14. c4 h4 15. g4 d6
16. Be3 Bd7 17. Nb2 Rd8 18. Qe2 Bc5 19. f4 Nc6 20. Nxc6 Bxc6 21. Bxc5 dxc5 22.
e5 Bxg2 23. Qxg2 Nd7 24. g5 Nb8 25. Qf2 Rd4 26. Rad1 Nc6 27. Na4 b6 28. Nc3 O-O
29. Qxh4 Nxe5 30. Rxd4 cxd4 31. Ne4 Ng6 32. Qf2 e5 33. f5 Nf4 34. Qh4 Qd7 35.
Qg4 Kh7 36. Rxf4 exf4 37. Qh5+ Kg8 38. Nf6+ gxf6 39. gxf6 1-0

[Event "International Tournament "]
[Site "Paracin, Pool "]
[Date "2019.07.06"]
[Round "2.58"]
[White "Milosevic, Milos"]
[Black "Altun, Arda"]
[Result "1-0"]
[WhiteElo "2312"]
[BlackElo "2124"]
[PlyCount "97"]
[EventDate "2019.07.05"]

1. e4 c5 2. Nc3 Nc6 3. f4 g6 4. Nf3 Bg7 5. Bb5 Nd4 6. O-O Nxb5 7. Nxb5 d6 8. d3
a6 9. Nc3 e6 10. Qe1 Ne7 11. e5 d5 12. Na4 Qc7 13. b4 cxb4 14. Qxb4 b5 15. Qc5
Qxc5+ 16. Nxc5 Nc6 17. a4 Bf8 18. Nb3 b4 19. a5 Bd7 20. Be3 Be7 21. Bb6 O-O 22.
d4 Rfc8 23. Rfb1 Be8 24. Ne1 Nb8 25. Nc5 Nd7 26. Ned3 Nxc5 27. Bxc5 Bxc5 28.
Nxc5 Bb5 29. Rxb4 Rc7 30. Rab1 Rac8 31. Kf2 Kg7 32. g4 Rxc5 33. dxc5 Rxc5 34.
R1b2 Bc4 35. Rb7 Rxa5 36. Rc7 Bb5 37. f5 gxf5 38. gxf5 Kg8 39. f6 h5 40. Rb3 h4
41. Rb4 Ra4 42. Rxa4 Bxa4 43. c3 Bb5 44. Kf3 a5 45. Kg4 a4 46. Kg5 a3 47. Kh6
Kf8 48. Rc8+ Be8 49. Ra8 1-0

[Event "International Tournament "]
[Site "Paracin, Pool "]
[Date "2019.07.06"]
[Round "2.59"]
[White "Injac, Teodora"]
[Black "Tyurin, Artem"]
[Result "0-1"]
[WhiteElo "2305"]
[BlackElo "2107"]
[Annotator "Natasa"]
[PlyCount "63"]
[EventDate "2019.07.05"]

1. d4 Nf6 2. Nf3 d5 3. c4 e6 4. cxd5 exd5 5. Nc3 Be7 6. Bg5 c6 7. Qc2 g6 8. e3
Bf5 9. Bd3 Bxd3 10. Qxd3 Nbd7 11. O-O O-O 12. a3 a5 13. Rfc1 Re8 14. Nd2 Kg7
15. Na4 Bd6 16. g3 h6 17. Bxf6+ Nxf6 18. Kg2 h5 19. Nf3 Ne4 20. Qc2 Qf6 21. b4
g5 22. h3 Rh8 23. Nc5 g4 24. Nh4 gxh3+ 25. Kg1 Bxc5 26. bxc5 Kf8 27. Rf1 Rg8
28. Kh2 Rg4 29. Qe2 Qe6 30. Rg1 Nf6 31. Rae1 Re8 32. Qf1 {...} 0-1

[Event "International Tournament "]
[Site "Paracin, Pool "]
[Date "2019.07.06"]
[Round "2.60"]
[White "Skuhala, Jernej"]
[Black "Kosmidis, Ioannis"]
[Result "1/2-1/2"]
[WhiteElo "2290"]
[BlackElo "2100"]
[PlyCount "92"]
[EventDate "2019.07.05"]

1. e4 e5 2. Nf3 Nc6 3. Bc4 Nf6 4. Qe2 h6 5. c3 d6 6. d3 g6 7. Nbd2 Bg7 8. h3
O-O 9. g4 Na5 10. Bb5 a6 11. Ba4 b5 12. Bc2 c5 13. Nf1 Re8 14. Ng3 d5 15. g5
hxg5 16. Bxg5 Qd6 17. Qd2 Bb7 18. Rg1 dxe4 19. dxe4 Qxd2+ 20. Nxd2 Kh7 21.
O-O-O Rad8 22. Nf3 Rxd1+ 23. Rxd1 Bh6 24. h4 Re7 25. b3 Bxg5+ 26. hxg5 Nd7 27.
Nh2 Nc6 28. Ng4 Kg7 29. Ne3 Nf8 30. Nd5 Rd7 31. Rh1 Ne6 32. Nf6 Rd8 33. Rd1
Rxd1+ 34. Bxd1 Nxg5 35. Nd7 Ne6 36. Bg4 Ncd8 37. Nxe5 Kf6 38. Nd3 Kg5 39. Bxe6
Nxe6 40. Kd2 f5 41. exf5 gxf5 42. Ne2 Be4 43. Ne1 Nf4 44. Ng3 Kg4 45. Nf1 Kg5
46. Ne3 Nh3 1/2-1/2

[Event "International Tournament "]
[Site "Paracin, Pool "]
[Date "2019.07.06"]
[Round "2.61"]
[White "Pantelic, Sasa"]
[Black "Kolbert, Engelbert"]
[Result "1-0"]
[WhiteElo "2289"]
[BlackElo "2096"]
[PlyCount "105"]
[EventDate "2019.07.05"]

1. d4 Nf6 2. c4 c5 3. d5 g6 4. Nc3 d6 5. e4 Bg7 6. Bd3 O-O 7. h3 e6 8. Nf3 exd5
9. cxd5 a6 10. a4 Re8 11. O-O Nbd7 12. Re1 Nh5 13. g4 Nhf6 14. Bf4 Ne5 15. Nxe5
dxe5 16. Be3 h5 17. f3 Bf8 18. a5 Bd6 19. Qd2 Bd7 20. Bc4 Kg7 21. Bg5 Rh8 22.
Rf1 Qg8 23. Rf2 Qh7 24. Raf1 Ng8 25. Rh2 f6 26. Be3 Ne7 27. g5 Raf8 28. gxf6+
Rxf6 29. Bg5 Rf7 30. f4 Nc8 31. fxe5 Rxf1+ 32. Bxf1 Bxe5 33. Rf2 Qg8 34. Qe2
Nd6 35. Qf3 Ne8 36. Bf4 Bd4 37. Be3 Qf8 38. Bxd4+ cxd4 39. Qd3 Qc5 40. Ne2 Nd6
41. Nxd4 Re8 42. Bg2 Qxa5 43. Qg3 Qe1+ 44. Kh2 Qb4 45. Nf5+ Nxf5 46. exf5 Qb6
47. d6 Qe3 48. Qxg6+ Kf8 49. Qf6+ Kg8 50. Bd5+ Kh7 51. Qg6+ Kh8 52. Qxh5+ Kg7
53. f6+ 1-0

[Event "International Tournament "]
[Site "Paracin, Pool "]
[Date "2019.07.06"]
[Round "2.62"]
[White "Raahul, V S."]
[Black "Shoshin, Kirill"]
[Result "0-1"]
[WhiteElo "2251"]
[BlackElo "2089"]
[PlyCount "72"]
[EventDate "2019.07.05"]

1. c4 e6 2. Nf3 Nf6 3. g3 d5 4. Bg2 d4 5. O-O c5 6. e3 Nc6 7. exd4 cxd4 8. d3
h6 9. Re1 Bd6 10. b3 O-O 11. Ba3 a5 12. Bxd6 Qxd6 13. Qc1 Nb4 14. Qd2 Bd7 15.
Ne5 Bc6 16. a3 Na6 17. Qc2 Bxg2 18. Kxg2 Rac8 19. Nd2 Nd5 20. Nef3 Ne7 21. Re5
Nc6 22. Rb5 Qe7 23. Re1 Qxa3 24. c5 Ncb4 25. Qc4 b6 26. Qxd4 Nc2 27. Qd6 Nxe1+
28. Nxe1 Nxc5 29. d4 Rfd8 30. Qxb6 Qc1 31. dxc5 Rxd2 32. Nf3 Rc2 33. Rxa5 Qe3
34. Qb7 Qxf2+ 35. Kh3 R8xc5 36. Qb4 Rc7 0-1

[Event "International Tournament "]
[Site "Paracin, Pool "]
[Date "2019.07.06"]
[Round "2.63"]
[White "Jonsson, Gauti Pall"]
[Black "Popovic, Aleksandar M"]
[Result "0-1"]
[WhiteElo "2080"]
[BlackElo "2234"]
[PlyCount "55"]
[EventDate "2019.07.05"]

1. c4 g6 2. Nc3 Bg7 3. d4 d6 4. e4 Nf6 5. Be2 c6 6. g4 Qa5 7. Bd2 Qb6 8. g5 Nh5
9. c5 Qxb2 10. a4 Bxd4 11. Ra2 Qb4 12. Nd5 Qxc5 13. Rc2 Bxf2+ 14. Kf1 cxd5 15.
Rxc5 Bxc5 16. exd5 Bf5 17. Bc3 Rg8 18. Bxh5 gxh5 19. Nf3 Nd7 20. h4 f6 21. Rh2
fxg5 22. hxg5 Bg4 23. Kg2 Rxg5 24. Qd2 Rf5 25. Nd4 Rxd5 26. Qb2 O-O-O 27. Kf1
Rf8+ 28. Ke1 0-1

[Event "International Tournament "]
[Site "Paracin, Pool "]
[Date "2019.07.06"]
[Round "2.64"]
[White "Farkas, Sandor I"]
[Black "Kecskemeti, Arpad"]
[Result "1/2-1/2"]
[WhiteElo "2048"]
[BlackElo "2230"]
[PlyCount "41"]
[EventDate "2019.07.05"]

1. b3 Nf6 2. Bb2 e6 3. g3 d5 4. Bg2 c5 5. Nf3 Nc6 6. d4 Be7 7. O-O O-O 8. Nbd2
cxd4 9. Nxd4 Nxd4 10. Bxd4 Bd7 11. e4 dxe4 12. Nxe4 Nxe4 13. Bxe4 Bc6 14. Bxc6
bxc6 15. c4 Bf6 16. Bxf6 Qxf6 17. Qc2 Rfd8 18. Rad1 Rxd1 19. Rxd1 Rd8 20. Rxd8+
Qxd8 21. Kf1 1/2-1/2

[Event "International Tournament "]
[Site "Paracin, Pool "]
[Date "2019.07.06"]
[Round "2.65"]
[White "Popovic, Djordje D"]
[Black "Ozsoy, Alimert"]
[Result "0-1"]
[WhiteElo "2227"]
[BlackElo "2087"]
[PlyCount "58"]
[EventDate "2019.07.05"]

1. d4 d5 2. c4 c6 3. Nf3 Nf6 4. Nc3 dxc4 5. a4 Bf5 6. Ne5 Nbd7 7. Nxc4 Nb6 8.
Ne5 a5 9. f3 e6 10. e4 Bg6 11. Be3 Bb4 12. Bd3 Nfd7 13. Nxd7 Nxd7 14. O-O Qb6
15. Bf2 e5 16. dxe5 Bc5 17. f4 Bxf2+ 18. Rxf2 O-O-O 19. Qe2 Nc5 20. Bc4 Rd4 21.
f5 Bh5 22. Qxh5 Rxc4 23. Qe2 Rd4 24. Qe3 Rd3 25. Qf4 Rhd8 26. Kh1 Rxc3 27. f6
Nd3 28. Qf5+ Kb8 29. Rff1 g6 0-1

[Event "International Tournament "]
[Site "Paracin, Pool "]
[Date "2019.07.06"]
[Round "2.66"]
[White "Gallevci, Yagiz"]
[Black "Banovic, Ivan"]
[Result "1/2-1/2"]
[WhiteElo "2036"]
[BlackElo "2227"]
[PlyCount "60"]
[EventDate "2019.07.05"]

1. e4 c5 2. Nf3 Nc6 3. d4 cxd4 4. Nxd4 g6 5. c4 Bg7 6. Be3 d6 7. Nc3 Nf6 8. Be2
O-O 9. O-O Bd7 10. Qd2 Nxd4 11. Bxd4 Bc6 12. f3 a5 13. b3 Nd7 14. Be3 Nc5 15.
Rab1 Qb6 16. Rfc1 Qb4 17. Rc2 Rfc8 18. Qc1 Qb6 19. Bf1 Qd8 20. Qd2 h5 21. a3
Kh7 22. b4 axb4 23. axb4 Na4 24. Ne2 Qf8 25. Bf2 Bh6 26. Qd3 Qd8 27. Qb3 Bd7
28. Nd4 Kg8 29. Qd3 Rab8 30. Nb3 b6 1/2-1/2

[Event "International Tournament "]
[Site "Paracin, Pool "]
[Date "2019.07.06"]
[Round "2.67"]
[White "Mullick, Raahil"]
[Black "Krstic, Milos"]
[Result "1/2-1/2"]
[WhiteElo "2211"]
[BlackElo "2050"]
[PlyCount "62"]
[EventDate "2019.07.05"]

1. e4 e5 2. Nf3 Nf6 3. Nxe5 d6 4. Nf3 Nxe4 5. d4 d5 6. Bd3 Be7 7. O-O Nc6 8.
Re1 Bg4 9. c3 f5 10. Nbd2 O-O 11. Qb3 Na5 12. Qa4 Nxd2 13. Bxd2 Bxf3 14. Qxa5
Be4 15. Bf1 f4 16. f3 Bg6 17. Re5 c6 18. Qxd8 Bxd8 19. Rae1 Rc8 20. b3 Bc7 21.
Re7 Rfe8 22. Bc1 Ba5 23. Bb2 Rxe7 24. Rxe7 Rc7 25. Re5 Rd7 26. Kf2 Bc7 27. Re1
Bd6 28. g3 fxg3+ 29. hxg3 Kf7 30. Bh3 Re7 31. Rxe7+ Kxe7 1/2-1/2

[Event "International Tournament "]
[Site "Paracin, Pool "]
[Date "2019.07.06"]
[Round "2.68"]
[White "Liu, Hongyan"]
[Black "Pasti, Aron"]
[Result "0-1"]
[WhiteElo "2033"]
[BlackElo "2209"]
[PlyCount "66"]
[EventDate "2019.07.05"]

1. d4 d5 2. Bf4 c5 3. e3 Nc6 4. c3 Nf6 5. Nd2 Bf5 6. Ngf3 Qb6 7. dxc5 Qxb2 8.
Nd4 Ne4 9. Nxf5 Nxd2 10. Qc1 Qxc1+ 11. Rxc1 Nxf1 12. Rxf1 e5 13. Bg3 O-O-O 14.
c4 g6 15. Nd6+ Bxd6 16. cxd5 Bc7 17. dxc6 bxc6 18. Ke2 Rd5 19. Rfd1 Rhd8 20.
Rxd5 Rxd5 21. Rc4 Ba5 22. a3 Rd2+ 23. Kf3 Bc7 24. Ra4 f5 25. e4 Rc2 26. exf5
gxf5 27. Rxa7 Rxc5 28. Ke2 Rc4 29. Kd3 Rd4+ 30. Kc3 f4 31. Ra8+ Kb7 32. Rh8
fxg3 33. hxg3 Rd7 0-1

[Event "International Tournament "]
[Site "Paracin, Pool "]
[Date "2019.07.06"]
[Round "2.69"]
[White "Manish, Anto Cristiano F"]
[Black "Rutten, Alexander"]
[Result "1-0"]
[WhiteElo "2208"]
[BlackElo "2010"]
[PlyCount "93"]
[EventDate "2019.07.05"]

1. e4 c5 2. Nf3 d6 3. d4 cxd4 4. Nxd4 Nf6 5. Nc3 a6 6. Bg5 Nbd7 7. Qe2 h6 8.
Bh4 g6 9. f4 e5 10. fxe5 dxe5 11. O-O-O Qc7 12. Nb3 Bg7 13. Qc4 Qxc4 14. Bxc4
O-O 15. Rhf1 Nb6 16. Be2 Nbd7 17. Bc4 Nb6 18. Be2 Nbd7 19. Rd6 g5 20. Bf2 b5
21. Nc5 Nxc5 22. Bxc5 Be6 23. a4 Rfc8 24. Ba3 Rab8 25. axb5 axb5 26. Bb4 h5 27.
Ra6 Ng4 28. g3 Bc4 29. Re1 Bxe2 30. Rxe2 Rc4 31. Nd5 Rd8 32. h3 Nf6 33. Be7
Rxd5 34. exd5 Nxd5 35. Bxg5 f5 36. Rd6 Nb4 37. Bf6 Bh6+ 38. Kb1 e4 39. Bc3 Bf8
40. Bxb4 Rxb4 41. Rd5 Bg7 42. b3 h4 43. Rxf5 hxg3 44. Rg5 Rd4 45. Re1 e3 46. c3
Rd2 47. Rxe3 1-0

[Event "International Tournament "]
[Site "Paracin, Pool "]
[Date "2019.07.06"]
[Round "2.70"]
[White "Mar, Karmen"]
[Black "Jovanovic, Sasa T"]
[Result "1/2-1/2"]
[WhiteElo "2008"]
[BlackElo "2205"]
[PlyCount "104"]
[EventDate "2019.07.05"]

1. e4 c5 2. Nf3 g6 3. d4 Bg7 4. dxc5 Nf6 5. Nc3 Qa5 6. Bd3 Qxc5 7. Be3 Qa5 8.
O-O d6 9. Qd2 Nc6 10. Nb5 Qxd2 11. Bxd2 O-O 12. Nc7 Rb8 13. Nd5 Bg4 14. Nxf6+
Bxf6 15. c3 b5 16. Rab1 Rfc8 17. a3 Bxf3 18. gxf3 Ne5 19. Be2 Nc4 20. Be3 a5
21. Rfd1 b4 22. Bxc4 Rxc4 23. cxb4 axb4 24. b3 Rc2 25. a4 Bc3 26. Rd5 f6 27.
Kg2 Kf7 28. f4 Rc8 29. Rb5 Ke6 30. Kf3 Rd8 31. Rb6 Ra8 32. Rb5 f5 33. exf5+
gxf5 34. Rb7 Ra2 35. h3 Ra5 36. Bb6 Ra8 37. Be3 Kf6 38. Bb6 h6 39. Be3 Rg8 40.
Rd1 Rc8 41. Rb1 d5 42. Rb6+ e6 43. Rd1 d4 44. Rxd4 Bxd4 45. Bxd4+ Kf7 46. Rb7+
Ke8 47. Rxb4 Kd7 48. Rb7+ Rc7 49. Rb6 Rc6 50. Rb7+ Rc7 51. Rb6 Rc6 52. Rb7+ Rc7
1/2-1/2

[Event "International Tournament "]
[Site "Paracin, Pool "]
[Date "2019.07.06"]
[Round "2.71"]
[White "Mihov, Filip"]
[Black "Patil, Mitali"]
[Result "1/2-1/2"]
[WhiteElo "2188"]
[BlackElo "2009"]
[PlyCount "55"]
[EventDate "2019.07.05"]

1. d4 d5 2. c4 Nc6 3. e3 e5 4. dxe5 d4 5. a3 dxe3 6. Qxd8+ Kxd8 7. Bxe3 Nxe5 8.
Nf3 Nxf3+ 9. gxf3 Bd6 10. Nc3 Nf6 11. O-O-O Bd7 12. Rg1 Ke7 13. Rxg7 Rhg8 14.
Rxg8 Rxg8 15. h4 a6 16. Bg5 Be6 17. Ne4 Be5 18. f4 Bxf4+ 19. Bxf4 Nxe4 20. f3
Nd6 21. c5 Nf5 22. Bxc7 Rc8 23. Bb6 Nxh4 24. Bd3 Bf5 25. Be4 Bxe4 26. fxe4 Ng6
27. Rh1 Ne5 28. Rxh7 1/2-1/2

[Event "International Tournament "]
[Site "Paracin, Pool "]
[Date "2019.07.06"]
[Round "2.72"]
[White "Pantic, Ivica"]
[Black "Xilogiannis, Dimitrios"]
[Result "1-0"]
[WhiteElo "2184"]
[BlackElo "1999"]
[PlyCount "69"]
[EventDate "2019.07.05"]

1. Nf3 Nf6 2. c4 e6 3. a3 Nc6 4. d4 d6 5. b4 g6 6. Bb2 Bg7 7. Nbd2 O-O 8. b5
Nb8 9. e4 e5 10. dxe5 Nfd7 11. Qc2 dxe5 12. Be2 Qe7 13. O-O Nc5 14. a4 Bg4 15.
Ba3 Nbd7 16. h3 Bxf3 17. Bxf3 Rfd8 18. Nb3 b6 19. Rad1 Nf8 20. Bxc5 bxc5 21.
Na5 Rxd1 22. Rxd1 Ne6 23. Nc6 Qe8 24. Rd5 f6 25. Bg4 Nf4 26. Rd7 h5 27. Re7 Qf8
28. Be6+ Kh7 29. Bd5 Qc8 30. a5 Qb7 31. Nb4 Nxd5 32. Nxd5 Rc8 33. a6 Qb8 34.
Nxf6+ Kh8 35. Qd2 1-0

[Event "International Tournament "]
[Site "Paracin, Pool "]
[Date "2019.07.06"]
[Round "2.73"]
[White "Gandhi, Anish"]
[Black "Srdanovic, Jovana"]
[Result "1-0"]
[WhiteElo "2167"]
[BlackElo "1975"]
[PlyCount "55"]
[EventDate "2019.07.05"]

1. e4 c5 2. Nf3 e6 3. d4 cxd4 4. Nxd4 Nc6 5. Nc3 d6 6. Be3 Nf6 7. f3 Be7 8. Qd2
O-O 9. O-O-O a6 10. g4 Nd7 11. h4 Nde5 12. Nxc6 Nxc6 13. g5 b5 14. Kb1 Qa5 15.
h5 Rd8 16. g6 b4 17. Ne2 d5 18. Nd4 Nxd4 19. Bxd4 e5 20. h6 fxg6 21. hxg7 exd4
22. Qh6 Kf7 23. Qf4+ Kg8 24. Bd3 Bg5 25. Qxg5 Ra7 26. Rxh7 Rxg7 27. Rxg7+ Kxg7
28. Qe5+ 1-0

[Event "International Tournament "]
[Site "Paracin, Pool "]
[Date "2019.07.06"]
[Round "2.74"]
[White "Osaka, Takuma"]
[Black "Vidic, Teja"]
[Result "0-1"]
[WhiteElo "1972"]
[BlackElo "2166"]
[PlyCount "86"]
[EventDate "2019.07.05"]

1. d4 d5 2. c4 c6 3. Nf3 Nf6 4. Nc3 dxc4 5. a4 Bf5 6. Ne5 Nbd7 7. Nxc4 Qc7 8.
g3 e5 9. dxe5 Nxe5 10. Bf4 Nfd7 11. Bg2 g5 12. Ne3 gxf4 13. Nxf5 O-O-O 14. Qc2
a5 15. O-O-O fxg3 16. hxg3 Nc5 17. Rxd8+ Qxd8 18. Rd1 Qf6 19. Bh3 Kc7 20. f4
Ned7 21. e4 h5 22. Ne3 Nb6 23. Rd5 h4 24. Rf5 Qg6 25. g4 Qe6 26. Re5 Qd6 27.
Ned5+ Nxd5 28. exd5 Bh6 29. Rf5 Bxf4+ 30. Kb1 Be5 31. Rxf7+ Kb6 32. dxc6 bxc6
33. Nd1 Qd4 34. Nc3 Rd8 35. Rf5 Qe3 36. Bf1 Bd4 37. Ne2 Bg7 38. Nc1 Rd2 39.
Qxc5+ Qxc5 40. Rxc5 Rxb2+ 41. Ka1 Rh2+ 42. Kb1 Kxc5 43. Be2 Bh6 0-1

[Event "International Tournament "]
[Site "Paracin, Pool "]
[Date "2019.07.06"]
[Round "2.75"]
[White "Terziev, Dimo"]
[Black "Wu, David Tai-Wei"]
[Result "1-0"]
[WhiteElo "2166"]
[BlackElo "1960"]
[PlyCount "85"]
[EventDate "2019.07.05"]

1. e4 e5 2. Nf3 Nc6 3. Bc4 Bc5 4. d3 Nf6 5. O-O d6 6. c3 O-O 7. Bb3 a6 8. h3
Ba7 9. Re1 Re8 10. Nbd2 Be6 11. Nf1 h6 12. N3h2 d5 13. Qf3 dxe4 14. dxe4 Bxb3
15. axb3 Qd7 16. Bxh6 Qe6 17. Bg5 Nh7 18. Be3 Bxe3 19. Nxe3 Qxb3 20. Nd5 Rac8
21. Ng4 Re6 22. Nge3 Qb5 23. Nf5 Qc5 24. Qg4 Qf8 25. Re3 Kh8 26. Rg3 Rg6 27.
Qf3 Rxg3 28. fxg3 g6 29. Nfe3 Ne7 30. Rf1 Nxd5 31. Nxd5 c6 32. Nf6 Rc7 33. Nxh7
Kxh7 34. h4 Qh6 35. Qf6 Qe3+ 36. Kh2 Rd7 37. Qxe5 Qb6 38. Qe8 Qc7 39. h5 Re7
40. Qf8 b5 41. Rf4 g5 42. Rf6 Rxe4 43. Rxf7+ 1-0

[Event "International Tournament "]
[Site "Paracin, Pool "]
[Date "2019.07.06"]
[Round "2.76"]
[White "Ratkovic, Petar"]
[Black "Mehmed, Elif"]
[Result "0-1"]
[WhiteElo "1954"]
[BlackElo "2164"]
[PlyCount "100"]
[EventDate "2019.07.05"]

1. d4 d5 2. Nf3 Nf6 3. Bf4 c5 4. c3 Nc6 5. e3 Qb6 6. Qc2 Bf5 7. dxc5 Bxc2 8.
cxb6 a6 9. Nbd2 e6 10. b4 Nd7 11. Bc7 Ba4 12. Be2 Be7 13. O-O Bd8 14. a3 Bxc7
15. bxc7 Rc8 16. c4 dxc4 17. Nxc4 Rxc7 18. Rac1 Ke7 19. Rc3 Nce5 20. Nfxe5 Nxe5
21. f4 Nxc4 22. Rxc4 Rxc4 23. Bxc4 Rc8 24. Be2 Rc3 25. Bf3 b6 26. Ra1 Rxe3 27.
Kf2 Rc3 28. Ke2 a5 29. bxa5 bxa5 30. Kd2 Rc4 31. Ke3 Kf6 32. Be4 Bb3 33. Bd3
Rc8 34. Kd4 a4 35. Re1 h5 36. g3 g6 37. h3 h4 38. g4 Bd5 39. Bb5 Bg2 40. Re3
Bd5 41. Rc3 Rxc3 42. Kxc3 Bg2 43. Bxa4 Bxh3 44. Bc6 Bf1 45. Kd2 h3 46. Ke1 Bc4
47. Kf2 Bd5 48. g5+ Ke7 49. Bxd5 exd5 50. Kg3 d4 0-1

[Event "International Tournament "]
[Site "Paracin, Pool "]
[Date "2019.07.06"]
[Round "2.77"]
[White "Ostojic, Katarina"]
[Black "Kersten, Julian"]
[Result "0-1"]
[WhiteElo "2164"]
[BlackElo "1951"]
[PlyCount "92"]
[EventDate "2019.07.05"]

1. e4 e6 2. d4 d5 3. exd5 exd5 4. Nf3 Nc6 5. Bb5 Bd6 6. c4 dxc4 7. Bxc4 Nf6 8.
h3 O-O 9. O-O h6 10. Nc3 a6 11. Be3 Bf5 12. Nh4 Bh7 13. Nf3 Qd7 14. Qd2 Rfe8
15. Rfe1 Re7 16. d5 Ne5 17. Be2 Nxf3+ 18. Bxf3 Rae8 19. a3 Ne4 20. Bxe4 Bxe4
21. Bd4 Bg6 22. b4 Qf5 23. Bc5 Qf4 24. Be3 Qh2+ 25. Kf1 Qh1+ 26. Ke2 Qxg2 27.
Kd1 Qxh3 28. Kc1 Bf4 29. Bxf4 Rxe1+ 30. Kb2 Rxa1 31. Kxa1 Qf1+ 32. Kb2 Qc4 33.
Be3 Qd3 34. Qxd3 Bxd3 35. Bf4 Re7 36. Na4 b6 37. Kc3 Bb5 38. d6 cxd6 39. Nxb6
Re2 40. Be3 Rxe3+ 41. fxe3 h5 42. Nd5 h4 43. Ne7+ Kf8 44. Nf5 h3 45. Ng3 h2 46.
Kd4 Bf1 0-1